Introduction to Economics & Finance/ (Record no. 36332)

MARC details
000 -LEADER
fixed length control field 00471nam a22001577a 4500
005 - DATE AND TIME OF LATEST TRANSACTION
control field 20240808102248.0
008 - FIXED-LENGTH DATA ELEMENTS--GENERAL INFORMATION
fixed length control field 240808b |||||||| |||| 00| 0 eng d
082 ## - DEWEY DECIMAL CLASSIFICATION NUMBER
Classification number 332
Item number HAL-I
100 ## - MAIN ENTRY--AUTHOR
Author Name Abdul Haleem, Khawaja
245 ## - TITLE STATEMENT
Title Introduction to Economics & Finance/
Statement of responsibility, etc. Abdul Haleem Khawaja
260 ## - PUBLICATION, DISTRIBUTION, ETC.
Place of Publication Islamabad;
Name of publisher, distributor, etc. Khawaja & Khawaja Publishing House;
Date of publication, distribution, etc. 2004
300 ## - PHYSICAL DESCRIPTION
Pages vii, 392 p.:
650 ## - SUBJECT ADDED ENTRY--TOPICAL TERM
Subject / Department Social Sciences/Economics
300 ## - PHYSICAL DESCRIPTION
-- ill;
-- 24.5 cm.
952 ## - LOCATION AND ITEM INFORMATION (KOHA)
-- 0
-- 0
Holdings
Lost status Damaged status Collection code Permanent Location Current Location Shelving Location Date acquired Full Call Number Accession No./Barcode Date last seen item type Koha item type
    Economics/Commerce Superior Information Resource Center (SIRC) Superior University - City Campus Superior Information Resource Center (SIRC) Superior University - City Campus Economics 08/08/2024 332 HAL-I 2004 2621 08/08/2024 BOOK BOOK

Powered by Koha